000 01141nam a22002057a 4500
999 _c62111
_d62111
005 20180919151117.0
010 _aB-471221-224
020 _a9788171193608
_c125.00
035 _aB-471221-224, A-677031
037 _bके.के.पब्लिकेशंस
082 _a
100 _aमहाश्वेता देवी
245 _aनील छवि /
_cमहाश्वेता देवी;माहेश्वर द्वारा अनुदित
260 _aनई दिल्ली
_bराधाकृष्ण प्रकाशन
_c2008
270 _a7/31, अंसारी मार्ग, दरियागंज
_bनई दिल्ली
_e110002
300 _a198पृ.
_c19सेमी (सजिल्द)
700 _aमाहेश्वर
_941026
942 _2ddc
_cHN
_h
_mमहाश्वे